000 00623nam a2200181Ia 4500
008 190511s9999 xx 000 0 und d
100 _aPoletti, Celine
245 _aSequential difficulty effects in cognitive and sensorimotor tasks: Insights from arithmetic and fitts tasks /
245 _cCeline Poletti, Rita Sleiman-Malkoun, Jean Jacques Temprado, Patrick Lemaire .--
260 _bUniversity of Illinois Press
260 _c2018
300 _aPages 161-173, Summer 2018
440 _aJournal of Psychology
_v131(2)
650 _aAging
650 _aArithmetic
650 _aFitts Task
650 _aStrategies
999 _c361828
_d361828